000
00284nam a2200133Ia 4500
100
_a
Gokarn/P.R.
942
_c
BK
654
_a
Management
245
_a
Materials management
260
_b
Somaiya Publications
_a
Bombay
_c
1975
082
_a
658.7
300
_a
160
546
_a
ENGLISH
999
_c
34059
_d
34059